书目信息 |
| 题名: |
西柏坡精神
|
|
| 作者: | 何虎生 著 | |
| 分册: | ||
| 出版信息: | 合肥 安徽教育出版社 2019.01 |
|
| 页数: | 153页 | |
| 开本: | 23cm | |
| 丛书名: | 红色初心丛书 | |
| 单 册: | ||
| 中图分类: | D261.3 | |
| 科图分类: | ||
| 主题词: | ||
| 电子资源: | ||
| ISBN: | 978-7-5336-8806-6 | |
| 000 | 01069nam 2200265 450 | |
| 001 | CAL 003777470 | |
| 005 | 20230308143223.0 | |
| 010 | @a978-7-5336-8806-6@dCNY25.00 | |
| 100 | @a20190404d2019 em y0chiy0120 ea | |
| 101 | 0 | @achi |
| 102 | @aCN@b340000 | |
| 105 | @ay a 000yy | |
| 106 | @ar | |
| 200 | 1 | @a西柏坡精神@Axi bai po jing shen@f何虎生著 |
| 210 | @a合肥@c安徽教育出版社@d2019.01 | |
| 215 | @a153页@d23cm | |
| 225 | 2 | @a红色初心丛书@Ahong se chu xin cong shu |
| 320 | @a有书目 (第152-153页) | |
| 330 | @a西柏坡精神基本内涵十分丰富, 既有在革命方面敢于斗争、敢于胜利的进去精神, 也有在建设方面依靠群众、坚持人民参政的民主精神, 更有在党的自身建设方面不骄不躁、艰苦奋斗的创业精神, 有着强烈的时代价值。本书用详实的史料和生动的文笔, 对西柏坡精神进行了梳理和描述, 是在新时期对西柏坡精神的深入研究和发扬光大。 | |
| 410 | 0 | @12001 @a红色初心丛书 |
| 601 | 02 | @a中国共产党@Azhong guo gong chan dang@x党的作风@j学习参考资料 |
| 690 | @aD261.3@v5 | |
| 701 | 0 | @a何虎生@Ahe hu sheng@4著 |
| 801 | 0 | @aCN@bBJXHXP@c20230308 |
| 905 | @b1392446-9@dD261.3@e2027@f4 | |
| 西柏坡精神/何虎生著.-合肥:安徽教育出版社,2019.01 |
| 153页;23cm.-(红色初心丛书) |
| ISBN 978-7-5336-8806-6:CNY25.00 |
| 西柏坡精神基本内涵十分丰富, 既有在革命方面敢于斗争、敢于胜利的进去精神, 也有在建设方面依靠群众、坚持人民参政的民主精神, 更有在党的自身建设方面不骄不躁、艰苦奋斗的创业精神, 有着强烈的时代价值。本书用详实的史料和生动的文笔, 对西柏坡精神进行了梳理和描述, 是在新时期对西柏坡精神的深入研究和发扬光大。 |
| ● |
| 相关链接 |
|
|
|
|
正题名:西柏坡精神
索取号:D261.3/2027
 
预约/预借
| 序号 | 登录号 | 条形码 | 馆藏地/架位号 | 状态 | 备注 |
| 1 | 1392446 | 213924468 | 第一样本阅览室/ [索取号:D261.3/2027] | 在馆 | |
| 2 | 1392447 | 213924477 | 第一借阅区/ [索取号:D261.3/2027] | 在馆 | |
| 3 | 1392448 | 213924486 | 第一借阅区/ [索取号:D261.3/2027] | 在馆 | |
| 4 | 1392449 | 213924495 | 第一借阅区/ [索取号:D261.3/2027] | 在馆 |